Conservation geology : protecting hidden treasures of Malaysia

Bibliographic Details
Main Author: IBRAHIM Komoo
Corporate Author: Institute for Environment and Development (LESTARI)
Format: Book
Published: Bangi, Selangor : Institute for Environment and Development , 2003
Series:Academy of Sciences Malaysia : inaugural lecture 2003
Subjects:

MARC

LEADER 00000cam a2200000 7i4500
001 0000002645
005 20030910.0
020 0 0 |a 9839444514 
090 0 0 |a 555.95   |b IBR 2003 
100 0 0 |a IBRAHIM Komoo 
245 1 0 |a Conservation geology :   |b protecting hidden treasures of Malaysia   |c Ibrahim Komoo 
260 0 0 |a Bangi, Selangor :   |b Institute for Environment and Development ,   |c 2003 
300 |a 51 p. :   |b col. ill. ;   |c 23 cm. 
440 0 0 |a Academy of Sciences Malaysia : inaugural lecture 2003 
500 0 0 |a Bibliography : p. 44-48 
650 0 0 |a Conservation of natural resources 
650 0 0 |a Geology   |z Malaysia 
710 1 1 |a Institute for Environment and Development (LESTARI) 
998 |a JPSM 
999 |a 0000004023   |b Monograph   |c Open Shelf   |e Default branch